000 00374nam a2200157Ia 4500
008 230524s9999 xx 000 0 und d
082 _a5.133
_bMAT
100 _aA.P.Mathur
245 0 _aIntroduction to Microprocessors
250 _a3RD
260 _aNEW DELHI
_bTMH
_c1998
300 _aXX;612
500 _aQuantity Number: 18
650 _aElectronics
942 _cBK
999 _c14751
_d14751